000 00290nam a22001337a 4500
008 170623b xxu||||| |||| 00| 0 eng d
020 _a9780691037387
041 _aeng
080 _a32
100 _a21
101 _aSHP
245 _aMAKING DEMOCRACY WORK
_cPUTNAM,R.D
942 _2udc
_cBK
999 _c18881
_d18881